[Event "62.HEM 2008, Gruppe D"]
[Site "Hanau"]
[Date "2008.03.23"]
[Round "5.1"]
[White "Heckwolf, Thomas"]
[Black "Libuda, Thomas"]
[Result "1/2-1/2"]
[WhiteElo "1513"]
[BlackElo "1984"]
[PlyCount "30"]
[EventDate "2008.??.??"]

1. e4 g6 2. Nc3 Bg7 3. d4 d6 4. Nf3 Nf6 5. Be3 O-O 6. Bc4 Nxe4 7. Bxf7+ Rxf7 8.
Nxe4 Bg4 9. Neg5 Bxf3 10. Nxf7 Bxd1 11. Nxd8 Bxc2 12. Ne6 Na6 13. O-O Bf5 14.
Nxg7 Kxg7 15. Rac1 b6 1/2-1/2

[Event "62.HEM 2008, Gruppe D"]
[Site "Hanau"]
[Date "2008.03.23"]
[Round "5.2"]
[White "Wesoly, Helge"]
[Black "Minor, Dieter"]
[Result "1/2-1/2"]
[WhiteElo "1847"]
[BlackElo "1866"]
[PlyCount "120"]
[EventDate "2008.??.??"]

1. d4 e6 2. c4 d5 3. e3 Nf6 4. Nc3 b6 5. Nf3 Bb7 6. Bd3 Be7 7. O-O O-O 8. Re1
c5 9. cxd5 cxd4 10. Nxd4 Nxd5 11. Nxd5 Qxd5 12. Nf3 Rd8 13. Be2 Qe4 14. Bd2 Nc6
15. Qb1 Qxb1 16. Raxb1 Bf6 17. Bc3 Bxc3 18. bxc3 Rac8 19. Red1 Rxd1+ 20. Rxd1
Na5 21. Rd7 Bxf3 22. Bxf3 g6 23. Rxa7 Rxc3 24. Ra8+ Kg7 25. Rd8 Nc4 26. Be2 b5
27. Bxc4 bxc4 28. Kf1 Rc2 29. a4 Ra2 30. Ra8 c3 31. Rc8 c2 32. Ke1 h5 33. Kd2
c1=Q+ 34. Kxc1 Rxf2 35. Rc2 Rf5 36. Ra2 Ra5 37. Kc2 Kf6 38. Kc3 Re5 39. a5
Rxe3+ 40. Kd4 Rb3 41. a6 Rb8 42. Kc5 e5 43. a7 Ra8 44. Kb6 e4 45. Kb7 Re8 46.
a8=Q Rxa8 47. Kxa8 Ke5 48. Kb7 f5 49. Kc6 Kd4 50. Kd6 e3 51. Ke6 h4 52. Kf6 f4
53. Kg5 Kd3 54. Kxf4 e2 55. Ra1 Kd2 56. Kg4 e1=Q 57. Rxe1 Kxe1 58. Kxh4 Kf2 59.
g4 Kg2 60. Kg5 Kh3 1/2-1/2

[Event "62.HEM 2008, Gruppe D"]
[Site "Hanau"]
[Date "2008.03.23"]
[Round "5.3"]
[White "Graefe, Heiko"]
[Black "Abel, Fabian"]
[Result "1-0"]
[WhiteElo "1936"]
[BlackElo "1633"]
[PlyCount "61"]
[EventDate "2008.??.??"]

1. d4 Nf6 2. Bg5 d5 3. c4 e6 4. Nc3 Nc6 5. cxd5 exd5 6. e3 Be7 7. Bd3 O-O 8. a3
h6 9. Bxf6 Bxf6 10. Nge2 Ne7 11. Qc2 Bg4 12. O-O Rc8 13. b4 Bh5 14. Nf4 Bg6 15.
Bxg6 fxg6 16. Ne6 Qd7 17. Nxf8 Rxf8 18. Qe2 Nf5 19. Rac1 Re8 20. Qd3 Nh4 21.
Ne2 c6 22. Ng3 Bd8 23. Rc2 Bc7 24. Rfc1 Bxg3 25. hxg3 Nf5 26. b5 Re6 27. bxc6
bxc6 28. Qa6 Nxg3 29. fxg3 Rxe3 30. Qxc6 Qe7 31. Qxg6 1-0

[Event "62.HEM 2008, Gruppe D"]
[Site "Hanau"]
[Date "2008.03.23"]
[Round "5.4"]
[White "Rondio, Thomas"]
[Black "Launert, Martin"]
[Result "1/2-1/2"]
[WhiteElo "1696"]
[BlackElo "1569"]
[PlyCount "129"]
[EventDate "2008.??.??"]

1. e4 e5 2. Nf3 Nc6 3. Bb5 a6 4. Ba4 Nf6 5. O-O d6 6. Re1 Be7 7. c3 O-O 8. h3
b5 9. Bc2 Bb7 10. d4 Re8 11. a4 Bf8 12. d5 Ne7 13. Bd3 Qd7 14. Bg5 c6 15. Bxf6
gxf6 16. dxc6 Bxc6 17. a5 d5 18. Nbd2 Rad8 19. Qc2 Ng6 20. exd5 Bxd5 21. Ne4
Qc6 22. h4 f5 23. Neg5 e4 24. Nd4 Qf6 25. Bf1 Nxh4 26. Nh3 Bc4 27. Bxc4 bxc4
28. Re3 Bd6 29. Qe2 Ng6 30. f3 Nf4 31. Qe1 Nxh3+ 32. gxh3 Qg5+ 33. Kh1 Qf4 34.
Re2 Kh8 35. fxe4 fxe4 36. Qf2 Qxf2 37. Rxf2 Bc5 38. Rxf7 Bxd4 39. cxd4 Rxd4 40.
Rg1 Rg8 41. Re1 Rd3 42. Kh2 Rd2+ 43. Kh1 Rd3 44. Kh2 e3 45. Re7 Rb8 46. R7xe3
Rxb2+ 47. Kg3 Rbb3 48. Kf4 Rxe3 49. Rxe3 Kg7 50. Re7+ Kf6 51. Rxh7 Rc3 52. Rh6+
Ke7 53. h4 Rc1 54. Rxa6 Kd7 55. h5 c3 56. Ke3 Rd1 57. Ra7+ Kc6 58. Ra6+ Kc5 59.
Ra8 Kb4 60. Rc8 Kb3 61. a6 c2 62. a7 Ra1 63. Rb8+ Kc4 64. Rc8+ Kb3 65. Rb8+
1/2-1/2

[Event "62.HEM 2008, Gruppe D"]
[Site "Hanau"]
[Date "2008.03.23"]
[Round "5.5"]
[White "Sohl, Thies"]
[Black "Medvedovski, Michael"]
[Result "0-1"]
[WhiteElo "1620"]
[BlackElo "1648"]
[PlyCount "62"]
[EventDate "2008.??.??"]

1. e4 c5 2. Nf3 Nc6 3. Bb5 d6 4. c3 e5 5. O-O Nf6 6. Re1 a6 7. Ba4 b5 8. Bc2
Bg4 9. d3 Be7 10. Nbd2 O-O 11. Nf1 Rb8 12. Ng3 b4 13. h3 Be6 14. Nh4 Nxe4 15.
Nxe4 Bxh4 16. Ba4 Qc7 17. Qh5 Be7 18. Bxc6 Qxc6 19. Ng5 Bxg5 20. Bxg5 f6 21.
Bd2 bxc3 22. Bxc3 d5 23. b3 Rfe8 24. Rac1 c4 25. Qf3 Qd7 26. dxc4 dxc4 27. bxc4
Bxc4 28. Bxe5 Bd5 29. Bxb8 Bxf3 30. gxf3 Rxb8 31. Kg2 Qd2 0-1

[Event "62.HEM 2008, Gruppe D"]
[Site "Hanau"]
[Date "2008.03.23"]
[Round "5.6"]
[White "Taskor, Erkan"]
[Black "Jordake, Michael"]
[Result "1/2-1/2"]
[WhiteElo "1597"]
[BlackElo "1640"]
[PlyCount "136"]
[EventDate "2008.??.??"]

1. d4 Nf6 2. Nf3 e6 3. Bf4 d6 4. e3 b6 5. Nbd2 Bb7 6. c3 Be7 7. Bd3 Nh5 8. Bg3
Nxg3 9. hxg3 h6 10. Qe2 Nd7 11. e4 Nf6 12. O-O Ng4 13. Rfe1 h5 14. Nh2 Nxh2 15.
Kxh2 h4 16. g4 Bg5 17. Rad1 Qf6 18. Qf3 Bf4+ 19. Kg1 Qh6 20. Nf1 O-O-O 21. d5
e5 22. Bb5 Kb8 23. Rd3 g6 24. Ne3 Bc8 25. Qh3 Qg5 26. Nc2 Bxg4 27. Qh1 h3 28.
g3 h2+ 29. Kf1 Bh3+ 30. Ke2 Qh5+ 31. Rf3 Bg4 32. gxf4 Bxf3+ 33. Qxf3 Qxf3+ 34.
Kxf3 h1=Q+ 35. Rxh1 Rxh1 36. fxe5 dxe5 37. Nb4 Rdh8 38. Nc6+ Kb7 39. Nxe5 g5
40. Kg4 Rg1+ 41. Kf5 Rg2 42. Ng4 f6 43. Be2 c5 44. Bf3 Rg1 45. Nxf6 Kc7 46. Ke6
Rh6 47. Ke7 Rxf6 48. Kxf6 g4 49. Be2 Re1 50. Bd3 c4 51. Bxc4 Rxe4 52. b3 Rf4+
53. Kg5 Rxf2 54. Kxg4 Kd6 55. a4 Kc5 56. Kg3 Rc2 57. Kf4 Rxc3 58. Ke4 a5 59.
Ke5 Re3+ 60. Kf4 Re7 61. Kf5 Kd6 62. Kf4 Re5 63. Kf3 Rxd5 64. Bxd5 Kxd5 65. Ke3
Kc5 66. Kd3 Kb4 67. Kc2 Kc5 68. Kc3 Kd5 1/2-1/2

[Event "62.HEM 2008, Gruppe D"]
[Site "Hanau"]
[Date "2008.03.23"]
[Round "5.7"]
[White "Kuehn, Thomas"]
[Black "Falkenhainer, Sven"]
[Result "1-0"]
[WhiteElo "1926"]
[BlackElo "1654"]
[PlyCount "149"]
[EventDate "2008.??.??"]

1. Nf3 d6 2. g3 Nf6 3. b3 g6 4. Bb2 Bg7 5. Bg2 O-O 6. O-O e5 7. d3 Nc6 8. Nbd2
Bg4 9. c4 Qd7 10. Re1 Bxf3 11. Nxf3 Ne7 12. e4 c5 13. a3 a5 14. Ng5 Qg4 15. Nh3
Qxd1 16. Raxd1 Nd7 17. f4 f6 18. Rf1 Rab8 19. fxe5 fxe5 20. a4 h6 21. Nf2 b6
22. Bh3 Nf6 23. Be6+ Kh7 24. Bc1 Nc6 25. Be3 Rbe8 26. Bd5 Nxd5 27. exd5 Ne7 28.
g4 Rf3 29. Rde1 Ref8 30. Ne4 Rxf1+ 31. Rxf1 Rxf1+ 32. Kxf1 Nc8 33. h4 Kg8 34.
Kg2 Kf7 35. Kf3 Ke7 36. Ng3 Kd7 37. h5 g5 38. Nf5 Bf8 39. Ke4 Ne7 40. Bd2 Ng8
41. Ne3 Ne7 42. Nc2 Ke8 43. Na3 Kf7 44. Nb5 Nc8 45. Nc7 Be7 46. Ne6 Bf6 47. Kf5
Ne7+ 48. Ke4 Nc8 49. Nc7 Bd8 50. Na6 Ne7 51. Nb8 Bc7 52. Nc6 Kf6 53. Bc1 Ng8
54. Be3 Ne7 55. Nxe7 Kxe7 56. Bxg5+ hxg5 57. h6 Kf7 58. h7 Kg7 59. h8=Q+ Kxh8
60. Kf5 Kg7 61. Ke6 Bd8 62. Kxd6 Kf6 63. Kd7 Be7 64. d6 Bf8 65. Kc7 Ke6 66. d7
Be7 67. d8=Q Bxd8+ 68. Kxd8 Kd6 69. Kc8 Kc6 70. Kb8 e4 71. dxe4 Kd6 72. Kb7 Ke5
73. Kxb6 Kf4 74. e5 Kxe5 75. Kxc5 1-0

[Event "62.HEM 2008, Gruppe D"]
[Site "Hanau"]
[Date "2008.03.23"]
[Round "5.8"]
[White "Reichel, Guenther"]
[Black "Blosze, Winfried"]
[Result "1-0"]
[WhiteElo "1635"]
[BlackElo "1906"]
[PlyCount "69"]
[EventDate "2008.??.??"]

1. c4 Nf6 2. Nc3 d5 3. cxd5 Nxd5 4. Nf3 g6 5. g3 Bg7 6. Bg2 O-O 7. O-O Nxc3 8.
bxc3 e5 9. d4 exd4 10. cxd4 Re8 11. Bg5 f6 12. Be3 c6 13. Qb3+ Kh8 14. Rfd1 Qe7
15. Rab1 Na6 16. Rb2 Nc7 17. Bd2 Nd5 18. e4 Nb6 19. Bb4 Qc7 20. e5 Be6 21. Qc2
Nc4 22. Bd6 Nxd6 23. exd6 Qd7 24. Nh4 Rab8 25. Rdb1 g5 26. Bxc6 bxc6 27. Rxb8
gxh4 28. R1b7 Bd5 29. Rxd7 Rxb8 30. Rxa7 Re8 31. Re7 Ra8 32. d7 hxg3 33. Re8+
Bf8 34. Qc5 gxh2+ 35. Kxh2 1-0

[Event "62.HEM 2008, Gruppe D"]
[Site "Hanau"]
[Date "2008.03.23"]
[Round "5.9"]
[White "Wilhelm, Holger"]
[Black "Boethelt, Klaus-Dieter"]
[Result "0-1"]
[WhiteElo "1878"]
[BlackElo "1505"]
[PlyCount "162"]
[EventDate "2008.??.??"]

1. d4 d5 2. c4 dxc4 3. Nc3 b6 4. Nf3 Bb7 5. e3 e6 6. Bxc4 Nf6 7. O-O Be7 8.
Bb5+ c6 9. Ba4 O-O 10. Bc2 Qc7 11. Ne4 c5 12. Ng3 Rd8 13. Qe2 cxd4 14. exd4 Bd5
15. Be3 Qb7 16. Ne1 Nc6 17. f3 Rdc8 18. Nd3 Bc4 19. b3 Bxd3 20. Bxd3 Rd8 21.
Rfd1 Nd5 22. Rac1 Nxe3 23. Qxe3 Nb4 24. Be4 Nd5 25. Qd3 g6 26. Ne2 Bb4 27. Rc4
Qe7 28. Rdc1 Rab8 29. Bxd5 Rxd5 30. Nf4 Rd7 31. Rc8+ Rxc8 32. Rxc8+ Kg7 33. Qe4
Qd6 34. Ne2 Ba3 35. Kf2 Bb2 36. h4 Bxd4+ 37. Nxd4 Qxd4+ 38. Qxd4+ Rxd4 39. Ke3
Rxh4 40. Ra8 a5 41. a3 Rh2 42. Rb8 Rxg2 43. Rxb6 Ra2 44. a4 h5 45. Kf4 Rg2 46.
b4 axb4 47. Rxb4 g5+ 48. Ke3 f5 49. a5 Ra2 50. Rb6 Kf6 51. a6 h4 52. Rc6 h3 53.
Rc7 Rxa6 54. Rh7 g4 55. fxg4 fxg4 56. Kf4 Ra4+ 57. Kg3 e5 58. Rh8 Rf4 59. Rf8+
Ke6 60. Re8+ Kd5 61. Ra8 Ke4 62. Ra4+ Kf5 63. Ra8 Rf3+ 64. Kh2 Ke4 65. Ra4+ Ke3
66. Rxg4 e4 67. Rg8 Kf2 68. Ra8 e3 69. Ra2+ e2 70. Rb2 Kf1 71. Ra2 e1=Q 72. Rg2
Qe2 73. Rxe2 Kxe2 74. Kh1 Rg3 75. Kh2 Kf3 76. Kh1 Rg7 77. Kh2 Rg8 78. Kh1 h2
79. Kxh2 Rh8+ 80. Kg1 Rh7 81. Kf1 Rh1# 0-1

[Event "62.HEM 2008, Gruppe D"]
[Site "Hanau"]
[Date "2008.03.23"]
[Round "5.10"]
[White "Hastenrath, Teja"]
[Black "Kellerwessel, Ralf"]
[Result "0-1"]
[WhiteElo "1620"]
[BlackElo "1693"]
[PlyCount "96"]
[EventDate "2008.??.??"]

1. d4 c5 2. Nf3 cxd4 3. Nxd4 Nf6 4. Nc3 d5 5. Bg5 Nbd7 6. e3 e6 7. Be2 h6 8.
Bh4 Be7 9. O-O O-O 10. f3 a6 11. Kh1 Nc5 12. b4 Ncd7 13. a3 Qc7 14. Qd2 Bd6 15.
f4 b6 16. Bd3 Bb7 17. Rae1 Rac8 18. Nd1 Rfe8 19. Nf2 b5 20. Bg3 Nb6 21. e4 dxe4
22. Nxe4 Nxe4 23. Bxe4 Bxe4 24. Rxe4 Red8 25. Qe2 Qc3 26. Rf3 Qa1+ 27. Qe1
Qxe1+ 28. Bxe1 Be7 29. Bf2 Nc4 30. Re2 Bf6 31. Rd3 Rd5 32. Re4 Nb2 33. Rd2 Nc4
34. Rd3 Nb2 35. Rd2 Na4 36. Rd3 Rcd8 37. Kg1 Nb2 38. Rd2 Nc4 39. Rd3 g5 40. g3
Kh7 41. Kf1 Kg6 42. Ke2 Nb2 43. Rd2 Bg7 44. Bg1 Nc4 45. Rd3 Nd6 46. Nxe6 fxe6
47. Rxe6+ Kf7 48. Rde3 Rd7 0-1

[Event "62.HEM 2008, Gruppe D"]
[Site "Hanau"]
[Date "2008.03.23"]
[Round "5.11"]
[White "Will, Dominik"]
[Black "Gottlieb, Herbert"]
[Result "1-0"]
[WhiteElo "1585"]
[BlackElo "1678"]
[PlyCount "95"]
[EventDate "2008.??.??"]

1. c4 Nf6 2. Nc3 e5 3. g3 Nc6 4. Bg2 Be7 5. e3 O-O 6. Nge2 b6 7. O-O Bb7 8. Nd5
Nxd5 9. cxd5 Na5 10. a3 c6 11. b4 Nc4 12. d3 Nd6 13. Bb2 Bf6 14. Nc3 Re8 15.
Qc2 Rc8 16. Qb3 c5 17. bxc5 Rxc5 18. Ne4 Nxe4 19. Bxe4 Qa8 20. Rac1 Bxd5 21.
Bxd5 Qxd5 22. Qxd5 Rxd5 23. Rc7 a5 24. Rfc1 g6 25. Rb7 Rb5 26. Ba1 d5 27. Kg2
Rf8 28. Rc6 Rb1 29. Bc3 d4 30. exd4 exd4 31. Bxa5 Bd8 32. Bb4 Re8 33. Rc8 Rxb4
34. axb4 Kf8 35. Rc4 Re6 36. Rxd4 Bf6 37. Rdd7 Be7 38. Rxe7 Rxe7 39. Rxe7 Kxe7
40. Kf3 Kd6 41. Ke4 f5+ 42. Kd4 b5 43. h4 h6 44. f3 g5 45. h5 f4 46. g4 Ke6 47.
Kc5 Ke5 48. d4+ 1-0

[Event "62.HEM 2008, Gruppe D"]
[Site "Hanau"]
[Date "2008.03.23"]
[Round "5.12"]
[White "Lotte, Stephan"]
[Black "Lauer, David"]
[Result "1-0"]
[WhiteElo "1603"]
[BlackElo "1655"]
[PlyCount "49"]
[EventDate "2008.??.??"]

1. f4 d5 2. Nf3 Bg4 3. e3 Bxf3 4. Qxf3 Nf6 5. b3 e6 6. Bb2 a6 7. Bd3 c5 8. c4
Nbd7 9. O-O Qc7 10. cxd5 exd5 11. Nc3 Qc6 12. Rac1 Be7 13. e4 d4 14. Ne2 Qb6
15. e5 Ng8 16. Be4 Rb8 17. Qg3 g6 18. f5 Nh6 19. e6 fxe6 20. fxg6 hxg6 21.
Qxg6+ Kd8 22. Nf4 Ne5 23. Qxe6 Qxe6 24. Nxe6+ Ke8 25. Nxc5 1-0

[Event "62.HEM 2008, Gruppe D"]
[Site "Hanau"]
[Date "2008.03.23"]
[Round "5.13"]
[White "Schneider, Udo"]
[Black "Goldschmidt, Andreas"]
[Result "1-0"]
[WhiteElo "1854"]
[BlackElo "1563"]
[PlyCount "59"]
[EventDate "2008.??.??"]

1. c4 Nf6 2. Nc3 e6 3. g3 d5 4. cxd5 exd5 5. Bg2 c6 6. Nf3 Bf5 7. O-O Bd6 8. d3
h6 9. e4 Bg4 10. exd5 O-O 11. dxc6 Nxc6 12. Qa4 Bc7 13. Ne4 Bd7 14. Nc5 Ne5 15.
Nxd7 Qxd7 16. Qxd7 Nexd7 17. Be3 a6 18. Rac1 Rac8 19. Rc2 Bd6 20. Rfc1 Rxc2 21.
Rxc2 Re8 22. h3 Bxg3 23. Bxh6 Bxf2+ 24. Kxf2 gxh6 25. Nh4 Ne5 26. d4 Nd3+ 27.
Kg3 Ne1 28. Rf2 Re3+ 29. Kf4 Nxg2+ 30. Rxg2+ 1-0

[Event "62.HEM 2008, Gruppe D"]
[Site "Hanau"]
[Date "2008.03.23"]
[Round "5.14"]
[White "Ruell, Michael"]
[Black "Riedl, Janis"]
[Result "1-0"]
[WhiteElo "1840"]
[BlackElo "1543"]
[PlyCount "75"]
[EventDate "2008.??.??"]

1. e4 c6 2. d3 d5 3. Nd2 e5 4. Ngf3 Bd6 5. g3 Bg4 6. Bg2 Ne7 7. h3 Be6 8. Ng5
Qd7 9. Ndf3 h6 10. Nxe6 Qxe6 11. O-O Nd7 12. exd5 cxd5 13. Re1 O-O-O 14. c4 g5
15. cxd5 Nxd5 16. Nd4 Qg6 17. Nb5 a6 18. Qf3 N7b6 19. Be3 Qxd3 20. Bxb6 Qxf3
21. Bxf3 Nxb6 22. Rac1+ Kb8 23. Nxd6 Rxd6 24. Rxe5 Rhd8 25. Re7 R6d7 26. Rce1
Kc7 27. Bg4 Rxe7 28. Rxe7+ Kc6 29. Rxf7 a5 30. Bf3+ Nd5 31. Rf5 b5 32. Kf1 a4
33. Ke2 Kc5 34. Kd3 Rd6 35. b3 axb3 36. axb3 b4 37. Be4 Rd7 38. Re5 1-0

[Event "62.HEM 2008, Gruppe D"]
[Site "Hanau"]
[Date "2008.03.23"]
[Round "5.15"]
[White "Hahn, Florian"]
[Black "Zarges, Peter"]
[Result "1/2-1/2"]
[WhiteElo "1530"]
[BlackElo "1796"]
[PlyCount "67"]
[EventDate "2008.??.??"]

1. Nf3 Nc6 2. b3 e5 3. Bb2 d6 4. e3 Nf6 5. Be2 Be7 6. O-O O-O 7. d4 exd4 8.
Nxd4 Bd7 9. c4 Re8 10. Bf3 Qc8 11. Nxc6 bxc6 12. Nd2 Rb8 13. Qc2 Bg4 14. h3 Bf5
15. Qc3 Bf8 16. Bxc6 Bxh3 17. gxh3 Qxh3 18. Bg2 Qh6 19. Qd4 Re5 20. Qf4 g5 21.
Qh2 Re6 22. Qxh6 Bxh6 23. Nf3 c5 24. Rfd1 g4 25. Bxf6 gxf3 26. Bxf3 Rxf6 27.
Bg2 Bg7 28. Rac1 a5 29. Bc6 Rg6+ 30. Kf1 f5 31. Rd5 Rf6 32. Rcd1 Bf8 33. Bd7 f4
34. e4 1/2-1/2

[Event "62.HEM 2008, Gruppe D"]
[Site "Hanau"]
[Date "2008.03.23"]
[Round "5.16"]
[White "Will, Patrick"]
[Black "Voellinger, Florian"]
[Result "1-0"]
[WhiteElo "1679"]
[BlackElo "1516"]
[PlyCount "84"]
[EventDate "2008.??.??"]

1. d4 d5 2. Bf4 Nf6 3. e3 e6 4. Nf3 c5 5. c3 Nbd7 6. Nbd2 Be7 7. Be2 O-O 8. h3
Re8 9. O-O b6 10. Bb5 Bb7 11. Ne5 Rc8 12. Qa4 Nxe5 13. dxe5 Nh5 14. Bxe8 Nxf4
15. Bxf7+ Kxf7 16. Qxf4+ Kg8 17. Qg4 Qd7 18. Rfd1 Rf8 19. Nf3 Rf5 20. e4 Rf7
21. Ng5 Bxg5 22. Qxg5 Qc7 23. exd5 exd5 24. e6 Re7 25. Re1 Qd6 26. Re5 d4 27.
Rd1 h6 28. Qg3 a6 29. cxd4 cxd4 30. Re2 Qd5 31. Red2 Qxa2 32. Rxd4 Qxe6 33.
Rd8+ Kh7 34. R1d6 Qf7 35. Rxb6 Re1+ 36. Kh2 Re7 37. Qb8 g6 38. Rh8+ Kg7 39.
Rxb7 Rxb7 40. Qe5+ Qf6 41. Rh7+ Kg8 42. Qxf6 Rxh7 1-0

[Event "62.HEM 2008, Gruppe D"]
[Site "Hanau"]
[Date "2008.03.23"]
[Round "5.17"]
[White "Staggat, Rolf"]
[Black "Storch, Dominik"]
[Result "0-1"]
[WhiteElo "1661"]
[BlackElo "1508"]
[PlyCount "142"]
[EventDate "2008.??.??"]

1. e4 d5 2. exd5 Nf6 3. c4 e6 4. d4 exd5 5. Nc3 Bb4 6. Bd2 O-O 7. cxd5 Bxc3 8.
bxc3 Qxd5 9. Qb3 Re8+ 10. Be3 Qe4 11. Kd2 Be6 12. Qc2 Bf5 13. Bd3 Qxg2 14. Ne2
Ne4+ 15. Bxe4 Qxe4 16. Qxe4 Bxe4 17. Rhg1 Nd7 18. Bh6 Bg6 19. Bf4 c6 20. Rae1
Nf6 21. f3 Re6 22. Be5 Nd7 23. Bg3 Rae8 24. Nf4 Rxe1 25. Rxe1 Rxe1 26. Bxe1 Kf8
27. h4 Ke7 28. Bg3 Nf6 29. Ke3 Bb1 30. a3 Ba2 31. Kd2 Bd5 32. Ke3 h5 33. Ke2 g6
34. Ke3 Kd7 35. Nd3 Kc8 36. Ne5 b5 37. Kf4 Kb7 38. Nd3 Ne8 39. Ke3 Ng7 40. Ke2
Bc4 41. Kd2 Bxd3 42. Kxd3 Nf5 43. Bf2 Nd6 44. a4 a6 45. axb5 axb5 46. Bg3 Nf5
47. Be1 Kc7 48. Ke4 Kd6 49. Bf2 Ke6 50. Be1 Ne7 51. Bd2 Nd5 52. Be1 f6 53. f4
Ne7 54. Bf2 Nf5 55. Be1 Nd6+ 56. Ke3 Kd5 57. Kd3 Nf5 58. Bf2 Nd6 59. Bg1 Ne4
60. Be3 c5 61. dxc5 Nxc5+ 62. Kc2 Ne6 63. Kd3 Nc5+ 64. Kc2 Kc4 65. Bd2 Ne4 66.
Be1 Nc5 67. Bf2 Nd3 68. Be3 Ne1+ 69. Kb2 Ng2 70. Bd4 f5 71. Bf6 Nxf4 0-1

[Event "62.HEM 2008, Gruppe D"]
[Site "Hanau"]
[Date "2008.03.23"]
[Round "5.18"]
[White "Begeluri, Nino"]
[Black "Didicher, Dietmar"]
[Result "0-1"]
[WhiteElo "1515"]
[BlackElo "1612"]
[PlyCount "76"]
[EventDate "2008.??.??"]

1. e4 d5 2. exd5 Nf6 3. d4 Nxd5 4. Nf3 Bf5 5. c4 Nb4 6. Qa4+ N8c6 7. Nh4 Nc2+
8. Ke2 N2xd4+ 9. Ke3 b5 10. cxb5 Nc2+ 11. Kf4 e5+ 12. Kxf5 Qd7+ 13. Ke4 Qg4+
14. f4 exf4 15. bxc6 Qe6+ 16. Kd3 Nxa1 17. Qxf4 Rd8+ 18. Kc3 Qxc6+ 19. Bc4 Qf6+
20. Qxf6 gxf6 21. Re1+ Kd7 22. Bxf7 Bb4+ 23. Kxb4 Nc2+ 24. Kc3 Nxe1 25. Bc4 Kc6
26. a4 Rd1 27. Bb5+ Kb7 28. Na3 Rxc1+ 29. Kd2 Ra1 30. Nc4 Rd8+ 31. Ke2 Nc2 32.
Na5+ Kb6 33. Nc6 Nd4+ 34. Nxd4 Rxd4 35. Nf3 Rb4 36. Nd2 Rxb2 37. Ke3 Ra3+ 38.
Ke2 Raa2 0-1

[Event "62.HEM 2008, Gruppe D"]
[Site "Hanau"]
[Date "2008.03.23"]
[Round "5.19"]
[White "Ahrend, Bodo"]
[Black "Kohlmeyer, Klaus"]
[Result "1-0"]
[WhiteElo "1580"]
[BlackElo "1525"]
[PlyCount "99"]
[EventDate "2008.??.??"]

1. e4 c5 2. Bc4 Nc6 3. a3 Nf6 4. d3 g6 5. Be3 d6 6. Nf3 Bg7 7. c3 O-O 8. O-O
Bg4 9. Nbd2 Ne5 10. Ba2 Nxd3 11. h3 Bxf3 12. Nxf3 c4 13. Bxc4 Nxb2 14. Qb3 Nxc4
15. Qxc4 Qc8 16. Qd3 Nd7 17. Bd4 Nc5 18. Qe2 b6 19. Rac1 Qc7 20. e5 dxe5 21.
Bxe5 Bxe5 22. Rfe1 Bf6 23. Rc2 Rad8 24. Nd4 Bxd4 25. cxd4 Rxd4 26. Qxe7 Qxe7
27. Rxe7 Ra4 28. Rc3 Rd8 29. Rf3 Rd1+ 30. Kh2 Rd7 31. Ree3 Rad4 32. Re5 Rd3 33.
Rf6 Ne6 34. a4 Kg7 35. Rfxe6 fxe6 36. Rxe6 Ra3 37. Re4 Kf6 38. g3 Rd2 39. Kg2
Rda2 40. Rf4+ Kg7 41. Rd4 Rxa4 42. Rd7+ Kf6 43. Rxh7 Re4 44. Rh8 Kg7 45. Rd8
Ree2 46. Rd7+ Kh6 47. h4 Rxf2+ 48. Kh3 Rad2 49. Rxa7 Kh5 50. Rh7# 1-0

[Event "62.HEM 2008, Gruppe D"]
[Site "Hanau"]
[Date "2008.03.23"]
[Round "5.20"]
[White "Georgi, Florian"]
[Black "Kempf, Alexander"]
[Result "1/2-1/2"]
[WhiteElo "1533"]
[BlackElo "1829"]
[PlyCount "80"]
[EventDate "2008.??.??"]

1. e4 c5 2. Nf3 d6 3. d4 cxd4 4. Nxd4 Nf6 5. Nc3 a6 6. Bc4 e6 7. O-O Be7 8. Nf3
O-O 9. e5 dxe5 10. Nxe5 Qc7 11. Qe2 Nbd7 12. Bf4 Bd6 13. Nxd7 Bxd7 14. Bxd6
Qxd6 15. Rad1 Qc7 16. Ne4 Nd5 17. Bxd5 Bb5 18. c4 exd5 19. cxb5 dxe4 20. Qxe4
axb5 21. a3 Rae8 22. Qb4 Re5 23. Rc1 Qb6 24. Rc3 Rfe8 25. Rg3 Re4 26. Qc3 g6
27. h3 Re2 28. Rf3 Qe6 29. Qb3 Qd7 30. Rd1 Qc7 31. Qc3 Qe7 32. Qf6 Qxf6 33.
Rxf6 Kg7 34. Rb6 Rxb2 35. Rxb7 Ree2 36. Rf1 Re5 37. Ra1 Rf5 38. f3 Rg5 39. g4
Rc5 40. a4 Rcc2 1/2-1/2

[Event "62.HEM 2008, Gruppe D"]
[Site "Hanau"]
[Date "2008.03.23"]
[Round "5.22"]
[White "Hofmann, Thomas"]
[Black "Milde, Dieter"]
[Result "1-0"]
[WhiteElo "1567"]
[BlackElo "1600"]
[PlyCount "21"]
[EventDate "2008.??.??"]

1. e4 e6 2. d4 d5 3. e5 c5 4. c3 Nc6 5. Nf3 Qb6 6. a3 c4 7. Be2 Bd7 8. Nbd2 Na5
9. O-O Ba4 10. Qxa4+ Nc6 11. b3 1-0

[Event "62.HEM 2008, Gruppe D"]
[Site "Hanau"]
[Date "2008.03.23"]
[Round "5.23"]
[White "Schmitt, Clemens"]
[Black "Boldt, Kai-Ulrich"]
[Result "1-0"]
[WhiteElo "1523"]
[BlackElo "1558"]
[PlyCount "49"]
[EventDate "2008.??.??"]

1. e4 c5 2. Nf3 d6 3. d4 cxd4 4. Nxd4 Nf6 5. Nc3 a6 6. f3 e6 7. Be3 Be7 8. Qd2
Qc7 9. O-O-O O-O 10. g4 Rd8 11. h4 Nc6 12. Qf2 b5 13. h5 d5 14. g5 Ne8 15. Nxc6
Qxc6 16. g6 Nf6 17. e5 Nd7 18. gxh7+ Kh8 19. Qg3 Kxh7 20. Bd3+ Kh8 21. Rdg1 Rg8
22. Bh6 Bf8 23. Ne4 Qc7 24. Ng5 Nxe5 25. Qxe5 1-0

[Event "62.HEM 2008, Gruppe D"]
[Site "Hanau"]
[Date "2008.03.23"]
[Round "5.25"]
[White "Minarsch, Hans"]
[Black "Ackermann, Robert"]
[Result "0-1"]
[WhiteElo "1617"]
[BlackElo "1521"]
[PlyCount "108"]
[EventDate "2008.??.??"]

1. Nf3 Nf6 2. d4 d5 3. c4 e6 4. Nc3 b6 5. cxd5 exd5 6. Bf4 Bd6 7. Bg5 Bb7 8. e3
Nbd7 9. Bd3 h6 10. Bh4 c5 11. O-O O-O 12. Nb5 Be7 13. Bg3 a6 14. Nd6 Bxd6 15.
Bxd6 Re8 16. dxc5 Nxc5 17. Bg3 Nfe4 18. Rc1 Nxg3 19. hxg3 Qe7 20. Bb1 Rac8 21.
Nd4 Ne4 22. Qd3 Nf6 23. Nf5 Qd7 24. Qa3 Rxc1 25. Rxc1 Ne4 26. Nd4 Rc8 27. Rd1
Qe8 28. Bd3 b5 29. Qa5 Qd8 30. Qe1 Qc7 31. Kh2 Qe5 32. Kg1 Nc5 33. Be2 Re8 34.
Qb4 Ne6 35. Nf3 Qc7 36. Qd2 Rc8 37. Bd3 Qc5 38. Bf5 Rc7 39. Ne5 Qd6 40. f4 g6
41. Bb1 Kg7 42. Qd4 Nxd4 43. exd4 Qb4 44. b3 Qc3 45. Kh2 h5 46. f5 h4 47. Nf3
hxg3+ 48. Kxg3 Re7 49. Kh2 Re2 50. Rd3 Qc1 51. Ng1 Re1 52. f6+ Kxf6 53. Rf3+
Kg7 54. Bxg6 fxg6 0-1

[Event "62.HEM 2008, Gruppe D"]
[Site "Hanau"]
[Date "2008.03.23"]
[Round "5.26"]
[White "Leibold, Mathias"]
[Black "Bachmann, Nick"]
[Result "0-1"]
[WhiteElo "1597"]
[BlackElo "1520"]
[PlyCount "35"]
[EventDate "2008.??.??"]

1. e4 e5 2. Nf3 Nc6 3. Bc4 Bc5 4. d3 Nf6 5. Be3 Bxe3 6. fxe3 O-O 7. O-O d5 8.
Bxd5 Nxd5 9. exd5 Qxd5 10. Nc3 Qc5 11. Qd2 Bf5 12. Kh1 Bg6 13. e4 Rad8 14. Qf2
Qb4 15. Rab1 f5 16. Nd5 Qa5 17. Qh4 fxe4 18. Ng5 0-1

[Event "62.HEM 2008, Gruppe D"]
[Site "Hanau"]
[Date "2008.03.23"]
[Round "5.27"]
[White "Mueller, Klaus"]
[Black "Brueckner, Ewald"]
[Result "1-0"]
[WhiteElo "1569"]
[BlackElo "1581"]
[PlyCount "41"]
[EventDate "2008.??.??"]

1. d4 b6 2. Nc3 e6 3. a3 Bb7 4. e4 d6 5. Bd3 Nd7 6. Nf3 Be7 7. Bf4 Ngf6 8. Qd2
O-O 9. O-O-O a6 10. Qe2 a5 11. g3 Nh5 12. h4 Nxf4 13. gxf4 b5 14. Rdg1 c5 15.
e5 cxd4 16. Bxh7+ Kxh7 17. Ng5+ Bxg5 18. hxg5+ Bxh1 19. Qh5+ Kg8 20. Rxh1 f5
21. g6 1-0

[Event "62.HEM 2008, Gruppe D"]
[Site "Hanau"]
[Date "2008.03.23"]
[Round "5.28"]
[White "Traut, Stefan"]
[Black "Guth, Susanne"]
[Result "1-0"]
[WhiteElo "1526"]
[BlackElo "1568"]
[PlyCount "49"]
[EventDate "2008.??.??"]

1. d4 d5 2. Nf3 Nf6 3. c4 e6 4. g3 Be7 5. Bg2 O-O 6. O-O dxc4 7. Qc2 Nc6 8.
Qxc4 Re8 9. Bf4 Nd5 10. Nc3 Nxf4 11. gxf4 Bd6 12. e3 Ne7 13. Rac1 c6 14. Ne4
Nd5 15. Nxd6 Qxd6 16. a3 Bd7 17. Qd3 f6 18. Qe2 Re7 19. Nd2 Rae8 20. Kh1 Qb8
21. Rg1 e5 22. fxe5 fxe5 23. dxe5 Rxe5 24. Nc4 Nf4 25. Qd2 1-0